[Event "Mittelfrank Regionalliga Sud-West 2223"]
[Site "Mittelfranken"]
[Date "2023.04.23"]
[Round "9.5"]
[White "Jankowski, Moritz"]
[Black "Wengler, Joerg"]
[Result "1/2-1/2"]
[WhiteElo "1945"]
[BlackElo "2006"]
[PlyCount "43"]
[EventDate "2022.10.09"]
[EventType "team-tourn"]
[EventRounds "9"]
[EventCountry "GER"]
[SourceTitle "EXT 2024"]
[Source "ChessBase"]
[SourceDate "2023.10.10"]
[SourceVersion "1"]
[SourceVersionDate "2023.10.10"]
[SourceQuality "1"]
[WhiteTeam "Marktoberdorf"]
[BlackTeam "Bayern Muenchen IV"]
[WhiteTeamCountry "GER"]
[BlackTeamCountry "GER"]

1. e4 c6 2. d4 d5 3. f3 dxe4 4. fxe4 e5 5. Nf3 Be6 6. Be2 Nf6 7. Nxe5 Nxe4 8. 0-0 Nd7 9. Qd3 Nef6 10. Bf4 Be7 11. Nd2 Nd5 12. Nxd7 Nxf4 13. Rxf4 Qxd7 14. Ne4 0-0-0 15. c3 c5 16. Rd1 cxd4 17. cxd4 f5 18. Nc5 Bxc5 19. dxc5 Qxd3 20. Rxd3 Rxd3 21. Bxd3 g6 22. Bc4 1/2-1/2

[Event "Bayern-chI Bank Hofmann 20th"]
[Site "Bad Wiessee"]
[Date "2016.11.01"]
[Round "4"]
[White "Singer, Christoph"]
[Black "Wengler, Joerg"]
[Result "1-0"]
[WhiteElo "2254"]
[BlackElo "2134"]
[PlyCount "25"]
[EventDate "2016.10.29"]
[EventType "swiss"]
[EventRounds "9"]
[EventCountry "GER"]
[SourceTitle "CBM 175 Extra"]
[Source "ChessBase"]
[SourceDate "2016.12.12"]
[SourceVersion "1"]
[SourceVersionDate "2016.12.12"]
[SourceQuality "1"]

1. e4 c6 2. d4 d5 3. exd5 cxd5 4. Bd3 Nc6 5. c3 Qc7 6. Ne2 Bg4 7. 0-0 e6 8. Qe1 Bd6 9. f3 Bh5 10. Qh4 Bg6 11. Bxg6 fxg6 12. Nf4 Qf7 13. Nxe6 1-0

[Event "Reykjavik op"]
[Site "Reykjavik"]
[Date "2014.03.07"]
[Round "5"]
[White "Wengler, Joerg"]
[Black "Olafsson, Thorvadur F"]
[Result "1-0"]
[WhiteElo "2080"]
[BlackElo "2254"]
[PlyCount "71"]
[EventDate "2014.03.04"]
[EventType "swiss"]
[EventRounds "10"]
[EventCountry "ISL"]
[SourceTitle "CBM 159 Extra"]
[Source "ChessBase"]
[SourceDate "2014.04.24"]
[SourceVersion "1"]
[SourceVersionDate "2014.04.24"]
[SourceQuality "1"]

1. e4 e5 2. Nf3 Nc6 3. d4 exd4 4. Nxd4 Nf6 5. Nc3 Bb4 6. Nxc6 bxc6 7. Bd3 d5 8. e5 Ng4 9. Bf4 f6 10. 0-0 0-0 11. exf6 Qxf6 12. Bg3 Bd6 13. Be2 Nh6 14. Qd2 Nf5 15. Bxd6 cxd6 16. Bd3 Nh4 17. f3 Rb8 18. b3 Rb4 19. Nxd5 Qd4+ 20. Kh1 cxd5 21. a3 Bh3 22. gxh3 Nxf3 23. Qxb4 Qe5 24. Rxf3 Qxa1+ 25. Kg2 Rxf3 26. Kxf3 Qh1+ 27. Ke3 Qxh2 28. Qb8+ Kf7 29. Qxa7+ Ke6 30. Qxg7 d4+ 31. Kf3 Qxh3+ 32. Qg3 Qh1+ 33. Qg2 Qh6 34. Qg4+ Kd5 35. Qe4+ Kc5 36. b4+ 1-0

[Event "Oberliga Bayern 1112"]
[Site "Bayern"]
[Date "2012.02.26"]
[Round "7.8"]
[White "Wengler, Joerg"]
[Black "Schoenau, Helmut"]
[Result "0-1"]
[WhiteElo "2053"]
[BlackElo "1960"]
[PlyCount "80"]
[EventDate "2011.10.02"]
[EventType "team-tourn"]
[EventRounds "9"]
[EventCountry "GER"]
[SourceTitle "EXT 2015"]
[Source "ChessBase"]
[SourceDate "2014.11.20"]
[SourceVersion "1"]
[SourceVersionDate "2014.11.20"]
[SourceQuality "1"]
[WhiteTeam "Bayern Muenchen II"]
[BlackTeam "Kriegshaber"]
[WhiteTeamCountry "GER"]
[BlackTeamCountry "GER"]

1. e4 c6 2. d4 d5 3. exd5 cxd5 4. c4 Nf6 5. Nc3 g6 6. Qb3 Bg7 7. cxd5 0-0 8. Nf3 Nbd7 9. d6 exd6 10. Be2 Nb6 11. Bg5 Re8 12. 0-0 Be6 13. Qd1 Nbd5 14. Nxd5 Bxd5 15. Bb5 Re6 16. Qd3 Qb6 17. Bc4 Be4 18. Qb3 d5 19. Qxb6 Rxb6 20. Bb3 a5 21. Nd2 a4 22. Bxf6 Bxf6 23. Nxe4 dxe4 24. Bd5 Bxd4 25. Bxe4 Rxb2 26. Rab1 Rxa2 27. Rxb7 Rd8 28. Bb1 Rd2 29. Rb4 a3 30. Ra4 Bc5 31. Ra5 R8d5 32. Ra8+ Kg7 33. Be4 Rd7 34. Ra5 Bb4 35. Ra4 Rb2 36. Bc6 Rd6 37. Bb5 Rdd2 38. Bc4 Bc5 39. Ra5 Bxf2+ 40. Kh1 a2 0-1

[Event "BL2-Ost 1011"]
[Site "Germany"]
[Date "2010.12.12"]
[Round "4.8"]
[White "Grosshans, Ralf Michael"]
[Black "Wengler, Joerg"]
[Result "1/2-1/2"]
[WhiteElo "2175"]
[BlackElo "2108"]
[PlyCount "108"]
[EventDate "2010.10.10"]
[EventType "team-tourn"]
[EventRounds "9"]
[EventCountry "GER"]
[SourceTitle "EXT 2012"]
[Source "ChessBase"]
[SourceDate "2011.11.24"]
[SourceVersion "1"]
[SourceVersionDate "2011.11.24"]
[SourceQuality "1"]
[WhiteTeam "Forchheim"]
[BlackTeam "Bayern Muenchen II"]
[WhiteTeamCountry "GER"]
[BlackTeamCountry "GER"]

1. e4 d5 2. exd5 Qxd5 3. Nc3 Qa5 4. Bc4 Nf6 5. d3 c6 6. Bd2 Bf5 7. Qe2 e6 8. h3 Nbd7 9. g4 Bg6 10. f4 0-0-0 11. Nd5 Qa4 12. Bb3 Qa6 13. Nxf6 Nxf6 14. 0-0-0 h5 15. f5 exf5 16. gxf5 Bxf5 17. Bxf7 Bd6 18. Rf1 Bd7 19. Bg5 Rdf8 20. Bc4 Qa5 21. Bd2 Qe5 22. Qxe5 Bxe5 23. Nf3 Bg3 24. Ng5 h4 25. Ne6 Bxe6 26. Bxe6+ Kd8 27. Bb4 Re8 28. Bf7 Re5 29. Bc3 Re7 30. Rxf6 gxf6 31. Bxf6 Rh7 32. Be6 Kc7 33. Bxe7 Rxe7 34. Bg4 Re1+ 35. Rxe1 Bxe1 36. Kd1 Bg3 37. d4 b6 38. Ke2 Kd6 39. c4 c5 40. d5 Be5 41. b3 a5 42. Kd3 Bf6 43. Ke4 Be7 44. Kf5 Bd8 45. Bh5 Be7 46. Be8 Bd8 47. Bb5 Be7 48. Kg6 Bd8 49. Kf7 Be7 50. Ke8 Bg5 51. Ba4 Bf6 52. Kf7 Bd8 53. Ke8 Bg5 54. Kf7 Bd8 1/2-1/2

[Event "Oberliga Bayern 0809"]
[Site "Bayern"]
[Date "2008.12.14"]
[Round "4.7"]
[White "Wengler, Joerg"]
[Black "Nemcova, Katerina"]
[Result "0-1"]
[WhiteElo "2070"]
[BlackElo "2310"]
[PlyCount "90"]
[EventDate "2008.10.05"]
[EventType "team-tourn"]
[EventRounds "9"]
[EventCountry "GER"]
[SourceTitle "EXT 2020"]
[Source "ChessBase"]
[SourceDate "2019.10.17"]
[SourceVersion "1"]
[SourceVersionDate "2019.10.17"]
[SourceQuality "1"]
[WhiteTeam "Bayern Muenchen II"]
[BlackTeam "Koenigshofen"]
[WhiteTeamCountry "GER"]
[BlackTeamCountry "GER"]

1. e4 e5 2. Nf3 Nc6 3. d4 exd4 4. Nxd4 Nf6 5. Nxc6 bxc6 6. Bd3 d6 7. 0-0 Be7 8. Re1 0-0 9. b3 Re8 10. Bb2 Bf8 11. Nd2 Rb8 12. Nf1 c5 13. Ng3 Bb7 14. Qd2 g6 15. Rad1 Bg7 16. c4 Ng4 17. Bxg7 Kxg7 18. h3 Ne5 19. f4 Nc6 20. Qf2 Qf6 21. Re3 Nd4 22. Rf1 Re7 23. e5 dxe5 24. f5 Rbe8 25. Qe1 e4 26. fxg6 Qxg6 27. Bb1 Kh8 28. Qf2 Rg8 29. Qf6+ Qxf6 30. Rxf6 Rg6 31. Rxg6 hxg6 32. Re1 f5 33. Kf2 Kg7 34. h4 Kf6 35. Ke3 Ke5 36. Rf1 Rf7 37. Ne2 Nxe2 38. Kxe2 f4 39. Rd1 Rh7 40. Rd8 Rxh4 41. Re8+ Kf5 42. Rf8+ Kg4 43. Rf7 Rh2 44. Rxc7 Rxg2+ 45. Kf1 Rb2 0-1

[Event "Landesliga Sued 0506"]
[Site "Bayern"]
[Date "2006.02.19"]
[Round "7.7"]
[White "Demel, Paul"]
[Black "Wengler, Joerg"]
[Result "1/2-1/2"]
[WhiteElo "1897"]
[BlackElo "2073"]
[PlyCount "82"]
[EventDate "2005.10.23"]
[EventType "team-tourn"]
[EventRounds "9"]
[EventCountry "GER"]
[SourceTitle "EXT 2007"]
[Source "ChessBase"]
[SourceDate "2006.11.23"]
[SourceVersion "1"]
[SourceVersionDate "2006.11.23"]
[SourceQuality "1"]
[WhiteTeam "Kriegshaber SK"]
[BlackTeam "Bayern Muenchen II"]
[WhiteTeamCountry "GER"]
[BlackTeamCountry "GER"]

1. Nf3 d5 2. d4 c6 3. c4 Nf6 4. e3 Bf5 5. Nc3 e6 6. Be2 Nbd7 7. 0-0 Bd6 8. c5 Bc7 9. b4 b5 10. a4 a6 11. Bb2 0-0 12. Nh4 Bg6 13. f4 Ne4 14. Nxg6 Nxc3 15. Bxc3 hxg6 16. Bd3 f5 17. Be1 Nf6 18. Bh4 Qd7 19. Bxf6 gxf6 20. Qe1 Kg7 21. h4 Rfb8 22. Qc3 Rh8 23. g3 g5 24. hxg5 fxg5 25. axb5 axb5 26. Rxa8 Rxa8 27. Ra1 Qd8 28. Qe1 Qb8 29. Kg2 g4 30. Kf2 Ra7 31. Qc3 Qa8 32. Rxa7 Qxa7 33. Bc2 Qa8 34. Bd3 Bd8 35. Kg1 Bf6 36. Kf2 Qh8 37. Bf1 Qh1 38. Bg2 Qd1 39. Qe1 Qc2+ 40. Kg1 Qb2 41. Kh1 Qa2 1/2-1/2

[Event "Landesliga Sued 0506"]
[Site "Bayern"]
[Date "2005.12.11"]
[Round "4.7"]
[White "Wengler, Joerg"]
[Black "Gerstner, Bernhard"]
[Result "1/2-1/2"]
[WhiteElo "2073"]
[BlackElo "2107"]
[PlyCount "48"]
[EventDate "2005.10.23"]
[EventType "team-tourn"]
[EventRounds "9"]
[EventCountry "GER"]
[SourceTitle "EXT 2007"]
[Source "ChessBase"]
[SourceDate "2006.11.23"]
[SourceVersion "1"]
[SourceVersionDate "2006.11.23"]
[SourceQuality "1"]
[WhiteTeam "Bayern Muenchen II"]
[BlackTeam "Ingolstadt"]
[WhiteTeamCountry "GER"]
[BlackTeamCountry "GER"]

1. e4 e5 2. Nf3 Nc6 3. d4 exd4 4. Nxd4 Bc5 5. Be3 Qf6 6. c3 Nge7 7. Bc4 Ne5 8. Be2 Qg6 9. 0-0 d6 10. f3 0-0 11. Re1 a5 12. Nd2 a4 13. b4 axb3 14. axb3 Bd7 15. Kh1 f5 16. exf5 Nxf5 17. Nxf5 Qxf5 18. Bxc5 dxc5 19. Rxa8 Rxa8 20. Nc4 Re8 21. Nxe5 Rxe5 22. Bc4+ Kf8 23. Rxe5 Qxe5 24. h3 Ke7 1/2-1/2

[Event "Landesliga Sued 0506"]
[Site "Bayern"]
[Date "2005.11.13"]
[Round "2.6"]
[White "Haizmann, Thomas"]
[Black "Wengler, Joerg"]
[Result "0-1"]
[WhiteElo "2086"]
[BlackElo "2073"]
[PlyCount "50"]
[EventDate "2005.10.23"]
[EventType "team-tourn"]
[EventRounds "9"]
[EventCountry "GER"]
[SourceTitle "EXT 2007"]
[Source "ChessBase"]
[SourceDate "2006.11.23"]
[SourceVersion "1"]
[SourceVersionDate "2006.11.23"]
[SourceQuality "1"]
[WhiteTeam "Muenchen Siemens"]
[BlackTeam "Bayern Muenchen II"]
[WhiteTeamCountry "GER"]
[BlackTeamCountry "GER"]

1. d4 d5 2. c4 c6 3. Nc3 dxc4 4. a4 Nf6 5. Nf3 Bf5 6. Ne5 e6 7. f3 Bb4 8. e4 Bxe4 9. fxe4 Nxe4 10. Bd2 Qxd4 11. Nxe4 Qxe4+ 12. Qe2 Bxd2+ 13. Kxd2 Qd5+ 14. Kc2 Na6 15. Nxc4 Nb4+ 16. Kc3 Qc5 17. Qe5 Nd5+ 18. Kb3 0-0 19. Qd6 Qd4 20. Qe5 Qc5 21. Be2 b5 22. axb5 cxb5 23. Na3 a5 24. Rac1 a4+ 25. Ka2 Nb4+ 0-1

[Event "Landesliga Sued 0405"]
[Site "Bayern"]
[Date "2005.04.10"]
[Round "9.3"]
[White "Fauth, Dietmar"]
[Black "Wengler, Joerg"]
[Result "1-0"]
[WhiteElo "2142"]
[BlackElo "2083"]
[PlyCount "67"]
[EventDate "2004.10.24"]
[EventType "team-tourn"]
[EventRounds "9"]
[EventCountry "GER"]
[SourceTitle "EXT 2007"]
[Source "ChessBase"]
[SourceDate "2006.11.23"]
[SourceVersion "1"]
[SourceVersionDate "2006.11.23"]
[SourceQuality "1"]
[WhiteTeam "Muenchen Siemens"]
[BlackTeam "Bayern Muenchen II"]
[WhiteTeamCountry "GER"]
[BlackTeamCountry "GER"]

1. e4 c6 2. d4 d5 3. exd5 cxd5 4. c4 Nf6 5. Nc3 e6 6. Nf3 Be7 7. Be2 0-0 8. 0-0 dxc4 9. Bxc4 b6 10. d5 exd5 11. Nxd5 Bb7 12. Nxe7+ Qxe7 13. Bg5 Nbd7 14. Re1 Qb4 15. Qb3 Qxb3 16. axb3 Rfe8 17. Rxe8+ Nxe8 18. Rd1 Bc6 19. b4 Nef6 20. Bxf6 Nxf6 21. Bxf7+ Kxf7 22. Ne5+ Ke6 23. Nxc6 Rc8 24. b5 a5 25. f4 g6 26. h3 Nd5 27. Rxd5 Kxd5 28. Ne7+ Kc5 29. Nxc8 Kxb5 30. Kf2 Kc5 31. Ke3 b5 32. g4 Kd5 33. Kd3 h5 34. Ne7+ 1-0

[Event "Regionalliga SW 0304"]
[Site "Bayern"]
[Date "2004.04.25"]
[Round "9.1"]
[White "Bachus, Josef"]
[Black "Wengler, Joerg"]
[Result "1-0"]
[WhiteElo "2142"]
[BlackElo "2110"]
[PlyCount "75"]
[EventDate "2003.10.??"]
[EventType "team"]
[EventRounds "9"]
[EventCountry "GER"]
[SourceTitle "EXT 2006"]
[Source "ChessBase"]
[SourceDate "2005.11.24"]
[SourceVersion "1"]
[SourceVersionDate "2005.11.24"]
[SourceQuality "1"]
[WhiteTeam "Burlafingen"]
[BlackTeam "Bayern Muenchen III"]
[WhiteTeamCountry "GER"]
[BlackTeamCountry "GER"]

1. Nf3 d5 2. d4 c6 3. e3 Nf6 4. c4 Bf5 5. Qb3 Qc7 6. Nc3 e6 7. Bd2 Nbd7 8. cxd5 exd5 9. Rc1 Qb6 10. Qxb6 axb6 11. a4 h6 12. Be2 Bd6 13. 0-0 0-0 14. Rfd1 Ne4 15. Ra1 Nxc3 16. Bxc3 Bc2 17. Rdc1 Bxa4 18. Nd2 c5 19. Rxa4 Rxa4 20. Bb5 Ra2 21. Bxd7 Rd8 22. Bb5 Kf8 23. f3 Rda8 24. Kf2 h5 25. Nb3 Rc8 26. dxc5 bxc5 27. Rd1 c4 28. Nc1 Ra1 29. Rxd5 Ke7 30. Ne2 g6 31. Rd4 f5 32. b3 Ra2 33. bxc4 Rc7 34. Rd5 Bxh2 35. f4 b6 36. Bd4 Rb7 37. Re5+ Kd6 38. Bxb6 1-0

[Event "Regionalliga SW 0304"]
[Site "Bayern"]
[Date "2003.12.14"]
[Round "4.2"]
[White "Miskevicer, Boris"]
[Black "Wengler, Joerg"]
[Result "0-1"]
[WhiteElo "2147"]
[BlackElo "2110"]
[PlyCount "122"]
[EventDate "2003.10.??"]
[EventType "team"]
[EventRounds "9"]
[EventCountry "GER"]
[SourceTitle "EXT 2006"]
[Source "ChessBase"]
[SourceDate "2005.11.24"]
[SourceVersion "1"]
[SourceVersionDate "2005.11.24"]
[SourceQuality "1"]
[WhiteTeam "Muenchen 77 Nord"]
[BlackTeam "Bayern Muenchen III"]
[WhiteTeamCountry "GER"]
[BlackTeamCountry "GER"]

1. d4 d5 2. Nf3 c6 3. c4 Nf6 4. Nc3 dxc4 5. a4 Bf5 6. e3 e6 7. Bxc4 Bb4 8. 0-0 0-0 9. Ne5 Nbd7 10. Qb3 Qb6 11. Nxd7 Nxd7 12. Rd1 Bg6 13. f3 e5 14. d5 Nc5 15. Qa2 a5 16. Kh1 e4 17. Ne2 Rad8 18. Nf4 Kh8 19. Nxg6+ fxg6 20. f4 Rfe8 21. b3 cxd5 22. Bb5 Re7 23. Bb2 Ne6 24. Bc1 Bc5 25. Qe2 Nc7 26. Bd2 d4 27. Bc4 d3 28. Qe1 Ra8 29. Rdc1 Bb4 30. Bc3 Bxc3 31. Rxc3 Rd8 32. Qd2 Red7 33. Rac1 Qb4 34. Kg1 h6 35. Kf2 Qe7 36. g3 Qb4 37. h4 Nd5 38. Bxd5 Rxd5 39. Ke1 R5d7 40. Kf2 Qb6 41. Rc4 Qe6 42. Kg2 Kh7 43. Rd1 Rd5 44. Rdc1 Re8 45. Rb1 Rc8 46. Rbc1 Rxc4 47. Rxc4 Rd6 48. Qd1 Rc6 49. h5 Rxc4 50. hxg6+ Qxg6 51. bxc4 h5 52. Qd2 h4 53. Qxa5 Qxg3+ 54. Kh1 Qh3+ 55. Kg1 Qxe3+ 56. Kh1 Qh3+ 57. Kg1 Qg4+ 58. Kh1 h3 59. Qd2 Qg2+ 60. Qxg2 hxg2+ 61. Kxg2 d2 0-1

[Event "Regionalliga SW 0304"]
[Site "Bayern"]
[Date "2003.11.23"]
[Round "3.2"]
[White "Wengler, Joerg"]
[Black "Schreiner, Richard"]
[Result "1/2-1/2"]
[WhiteElo "2110"]
[BlackElo "2148"]
[PlyCount "87"]
[EventDate "2003.10.??"]
[EventType "team"]
[EventRounds "9"]
[EventCountry "GER"]
[SourceTitle "EXT 2006"]
[Source "ChessBase"]
[SourceDate "2005.11.24"]
[SourceVersion "1"]
[SourceVersionDate "2005.11.24"]
[SourceQuality "1"]
[WhiteTeam "Bayern Muenchen III"]
[BlackTeam "Garching"]
[WhiteTeamCountry "GER"]
[BlackTeamCountry "GER"]

1. e4 c5 2. Nc3 Nc6 3. g3 e6 4. Bg2 g6 5. d3 Bg7 6. f4 Nge7 7. Nf3 d5 8. 0-0 d4 9. Ne2 0-0 10. g4 f5 11. h3 a5 12. Ng5 Rb8 13. Ng3 b5 14. Qe2 h6 15. Nf3 Bd7 16. Bd2 Qc7 17. gxf5 exf5 18. e5 Be6 19. h4 Kh7 20. h5 Rf7 21. hxg6+ Nxg6 22. Kf2 Kg8 23. Rh1 Kf8 24. Nh5 Bh8 25. Nh4 Nxh4 26. Rxh4 Ke7 27. Rah1 Rg8 28. Bf3 Qd7 29. Nf6 Bxf6 30. exf6+ Rxf6 31. Rxh6 Rgf8 32. Rxf6 Rxf6 33. Rh7+ Rf7 34. Rh6 Rf6 35. Rxf6 Kxf6 36. Bxc6 Qxc6 37. Qe5+ Kg6 38. Bxa5 Bxa2 39. Bd8 Bb1 40. Qe2 c4 41. Qe7 cxd3 42. Qg5+ Kf7 43. Qe7+ Kg6 44. Qg5+ 1/2-1/2

[Event "Landesliga Sued 0203"]
[Site "Bayern"]
[Date "2003.01.19"]
[Round "4.6"]
[White "Amelang, Thomas"]
[Black "Wengler, Joerg"]
[Result "0-1"]
[WhiteElo "2040"]
[BlackElo "2077"]
[PlyCount "28"]
[EventDate "2002.10.20"]
[EventType "team-tourn"]
[EventRounds "9"]
[EventCountry "GER"]
[SourceTitle "EXT 2004"]
[Source "ChessBase"]
[SourceDate "2003.11.25"]
[SourceVersion "1"]
[SourceVersionDate "2003.11.25"]
[SourceQuality "1"]
[WhiteTeam "Muenchen Siemens"]
[BlackTeam "Bayern Muenchen II"]
[WhiteTeamCountry "GER"]
[BlackTeamCountry "GER"]

1. e4 c6 2. Nc3 d5 3. d3 dxe4 4. Nxe4 Bf5 5. Qe2 e6 6. Ng3 Bg6 7. h4 h6 8. h5 Bh7 9. Nf3 Nd7 10. Ne4 Ngf6 11. Bf4 Nxe4 12. dxe4 Qf6 13. Bc1 0-0-0 14. Rh4 Bb4+ 0-1

[Event "Bayern-chI Bank Hofmann 6th"]
[Site "Bad Wiessee"]
[Date "2002.10.31"]
[Round "6"]
[White "Nogly, Christoph"]
[Black "Wengler, Joerg"]
[Result "1-0"]
[WhiteElo "2283"]
[BlackElo "2091"]
[PlyCount "51"]
[EventDate "2002.10.26"]
[EventType "swiss"]
[EventRounds "9"]
[EventCountry "GER"]
[SourceTitle "EXT 2003"]
[Source "ChessBase"]
[SourceDate "2002.11.25"]
[SourceVersion "1"]
[SourceVersionDate "2002.11.25"]
[SourceQuality "1"]

1. d4 d5 2. c4 c6 3. Nf3 Nf6 4. Qb3 dxc4 5. Qxc4 Bf5 6. Nc3 e6 7. g3 Nbd7 8. Bg2 Be7 9. 0-0 0-0 10. e3 Ne4 11. Nd2 Nxd2 12. Bxd2 c5 13. e4 Bg6 14. dxc5 Ne5 15. Qe2 Bxc5 16. Rad1 Qe7 17. h3 Rfd8 18. Kh2 Nc6 19. Be3 Bxe3 20. Qxe3 f6 21. Bf3 Bf7 22. Be2 e5 23. Nd5 Bxd5 24. exd5 Nb4 25. d6 Qf7 26. Qe4 1-0

[Event "Pyramiden Franken Cup 5th"]
[Site "Fuerth"]
[Date "2002.09.04"]
[Round "5"]
[White "Kleibaumhueter, Klaus"]
[Black "Wengler, Joerg"]
[Result "0-1"]
[WhiteElo "2184"]
[BlackElo "2091"]
[PlyCount "134"]
[EventDate "2002.08.31"]
[EventType "swiss"]
[EventRounds "9"]
[EventCountry "GER"]
[SourceTitle "CBM 090 Extra"]
[Source "ChessBase"]
[SourceDate "2002.11.07"]
[SourceVersion "1"]
[SourceVersionDate "2002.11.07"]
[SourceQuality "1"]

1. Nf3 d5 2. d4 Nf6 3. c4 c6 4. Qb3 dxc4 5. Qxc4 Bf5 6. Nc3 e6 7. g3 Nbd7 8. Bg2 Be7 9. 0-0 0-0 10. Re1 Ne4 11. Nd2 Nxd2 12. Bxd2 Nb6 13. Qb3 Qxd4 14. e4 Bg4 15. Be3 Qb4 16. Qc2 Nc4 17. Bc1 Ne5 18. Bd2 Qc4 19. b3 Qd3 20. Qxd3 Nxd3 21. Re3 Rfd8 22. Nd5 exd5 23. Rxd3 dxe4 24. Bxe4 Rxd3 25. Bxd3 Rd8 26. Re1 Kf8 27. Be2 Rxd2 28. Bxg4 Rxa2 29. Bc8 Bc5 30. Re5 Bxf2+ 31. Kh1 f6 32. Re6 Rb2 33. Bxb7 Rxb3 34. Bxc6 Rb2 35. Bd5 Rd2 36. Bc4 Bb6 37. Bb5 Kf7 38. Bc4 Kg6 39. Re7 h5 40. Bf7+ Kh6 41. Re4 g5 42. Be8 Bd4 43. h3 Be5 44. g4 h4 45. Re3 Rc2 46. Bd7 Kg7 47. Ra3 Rc7 48. Bf5 Kf7 49. Kg2 Ke7 50. Ra6 Bd4 51. Re6+ Kf7 52. Rd6 Bb6 53. Kf3 Rc3+ 54. Rd3 Rxd3+ 55. Bxd3 Ke6 56. Ke4 a5 57. Bc4+ Kd6 58. Bb3 Kc5 59. Kd3 Kb5 60. Kc2 Bd8 61. Be6 a4 62. Bd5 Kc5 63. Be6 Kd4 64. Kd2 a3 65. Bf7 Bc7 66. Be6 Bf4+ 67. Kc2 Ke3 0-1

[Event "Pyramiden Franken Cup 5th"]
[Site "Fuerth"]
[Date "2002.08.31"]
[Round "1"]
[White "Jansa, Vlastimil"]
[Black "Wengler, Joerg"]
[Result "1-0"]
[WhiteElo "2500"]
[BlackElo "2091"]
[PlyCount "81"]
[EventDate "2002.08.31"]
[EventType "swiss"]
[EventRounds "9"]
[EventCountry "GER"]
[SourceTitle "CBM 090 Extra"]
[Source "ChessBase"]
[SourceDate "2002.11.07"]
[SourceVersion "1"]
[SourceVersionDate "2002.11.07"]
[SourceQuality "1"]

1. e4 c6 2. d4 d5 3. Nd2 dxe4 4. Nxe4 Bf5 5. Ng3 Bg6 6. h4 h6 7. Nf3 Nd7 8. h5 Bh7 9. Bd3 Bxd3 10. Qxd3 Qc7 11. Bd2 e6 12. 0-0-0 Ngf6 13. Ne4 0-0-0 14. g3 Nc5 15. Nxc5 Bxc5 16. Kb1 Bd6 17. Qe2 Rhe8 18. c4 c5 19. Bc3 cxd4 20. Bxd4 Bc5 21. Bxc5 Qxc5 22. Ne5 Qc7 23. f4 Rxd1+ 24. Rxd1 Rd8 25. Rc1 Kb8 26. c5 Rd5 27. c6 b6 28. Nxf7 Qxf7 29. c7+ Qxc7 30. Rxc7 Kxc7 31. Qxe6 Rd6 32. Qe2 Rd7 33. g4 Nd5 34. a3 Re7 35. Qc4+ Kd6 36. Qd4 Kc6 37. g5 hxg5 38. fxg5 Nc7 39. h6 gxh6 40. gxh6 Ne6 41. Qh4 1-0

[Event "Landesliga Sued 0102"]
[Site "Bayern"]
[Date "2002.04.14"]
[Round "8.6"]
[White "Ruether, Rudolf"]
[Black "Wengler, Joerg"]
[Result "1/2-1/2"]
[WhiteElo "2150"]
[BlackElo "2105"]
[PlyCount "44"]
[EventDate "2001.10.07"]
[EventType "team-tourn"]
[EventRounds "9"]
[EventCountry "GER"]
[SourceTitle "EXT 2003"]
[Source "ChessBase"]
[SourceDate "2002.11.25"]
[SourceVersion "1"]
[SourceVersionDate "2002.11.25"]
[SourceQuality "1"]
[WhiteTeam "Muenchen Siemens"]
[BlackTeam "Bayern Muenchen II"]
[WhiteTeamCountry "GER"]
[BlackTeamCountry "GER"]

1. d4 d5 2. Nf3 Nf6 3. c4 c6 4. Nc3 dxc4 5. a4 Bf5 6. e3 e6 7. Bxc4 Bb4 8. 0-0 Nbd7 9. Qe2 Bg6 10. Nh4 Bh5 11. f3 0-0 12. g4 Bg6 13. Nxg6 hxg6 14. Rd1 Qe7 15. e4 e5 16. d5 Rfd8 17. Be3 Bc5 18. Rac1 Rac8 19. Kg2 a6 20. dxc6 Rxc6 21. Nd5 Nxd5 22. Bxd5 Bxe3 1/2-1/2

[Event "Landesliga Sued 0102"]
[Site "Bayern"]
[Date "2001.11.11"]
[Round "2.6"]
[White "Schoenau, Helmut"]
[Black "Wengler, Joerg"]
[Result "1/2-1/2"]
[WhiteElo "2040"]
[BlackElo "2105"]
[PlyCount "120"]
[EventDate "2001.10.07"]
[EventType "team-tourn"]
[EventRounds "9"]
[EventCountry "GER"]
[SourceTitle "EXT 2003"]
[Source "ChessBase"]
[SourceDate "2002.11.25"]
[SourceVersion "1"]
[SourceVersionDate "2002.11.25"]
[SourceQuality "1"]
[WhiteTeam "Kriegshaber"]
[BlackTeam "Bayern Muenchen II"]
[WhiteTeamCountry "GER"]
[BlackTeamCountry "GER"]

1. c4 c6 2. d4 d5 3. Nc3 Nf6 4. e3 g6 5. Nf3 Bg7 6. Bd3 0-0 7. 0-0 Nbd7 8. b3 Re8 9. Bb2 a6 10. Re1 b5 11. Rc1 Rb8 12. Qc2 e6 13. h3 Bf8 14. e4 dxe4 15. Nxe4 Nxe4 16. Bxe4 Bb7 17. cxb5 cxb5 18. Bxb7 Rxb7 19. d5 Bg7 20. Bxg7 Kxg7 21. dxe6 fxe6 22. Qc6 Rb6 23. Qc7 Qxc7 24. Rxc7 Rd6 25. Ne5 Re7 26. Rxd7 Rdxd7 27. Nxd7 Rxd7 28. Rxe6 Rd1+ 29. Kh2 Rd2 30. Rxa6 Rxf2 31. Ra7+ Kh6 32. h4 Rd2 33. Kh3 Rd1 34. g3 Rh1+ 35. Kg4 Rf1 36. Kh3 Rh1+ 37. Kg2 Rc1 38. g4 Rc3 39. Rb7 g5 40. Rb6+ Kg7 41. hxg5 Rc5 42. Kg3 Rxg5 43. Kh4 h6 44. Ra6 b4 45. Rb6 Ra5 46. Rxb4 Rxa2 47. Rb8 Rh2+ 48. Kg3 Rh1 49. b4 Rb1 50. b5 Rb4 51. b6 Rb1 52. b7 Rg1+ 53. Kf4 Rf1+ 54. Kg3 Rg1+ 55. Kf2 Rb1 56. Kg2 Rb2+ 57. Kg3 Rb1 58. Kf2 Rb3 59. Ke2 Rb2+ 60. Kd3 Rb1 1/2-1/2